| 000 | 00396nam a2200133Ia 4500 | ||
|---|---|---|---|
| 008 | 220217s9999 xx 000 0 und d | ||
| 245 | 0 | _aMethods for testing tar and bituminous materials: Determination of softening point. (First Revision). | |
| 260 | _c1978 | ||
| 500 | _aStandard number: IS 1205 | ||
| 650 | _aBituminous materials | ||
| 650 | _aSoftening point | ||
| 650 | _aTar | ||
| 942 | _cST | ||
| 999 |
_c73467 _d73467 |
||